000 00361cam a22001337a 4500
008 180718b1959 xxu||||| |||| 00| 0 eng d
082 _aP500x73 St67
100 _aStoke, Harold W.
245 _aAmerican college president
_cby Harold W. Stoke
260 _aNew York
_bHarper
_c1959
300 _a180p.
650 _aPublic Relations
650 _aPersonal problem
999 _c431423
_d431423